| 000 | 00764nam a2200205 a 4500 | ||
|---|---|---|---|
| 001 | BRCA_2321 | ||
| 005 | 20190320203747.0 | ||
| 008 | 090908s2007----mx-a---###---#000-0#spa-# | ||
| 020 | _a9789708021173 | ||
| 050 | 4 |
_aN7630 _b.Z36 2007 |
|
| 100 | 1 |
_aZamora Betancourt, Lorena _96979 |
|
| 245 | 1 | 0 |
_aEl imaginario femenino en el arte _bMónica Mayer, Rowena Morales y Carla Rippey _cLorena Zamora Betancourt. |
| 260 |
_aMéxico _bCONACULTA : INBA : Centro Nacional de Investigación, Documentación e Información de Artes Plásticas _c2007 |
||
| 300 |
_a143 p. _bil. (algunas a color) _c25 cm. |
||
| 500 | _aIncluye lista de obra | ||
| 504 | _aBibliografía : p. 136-141 | ||
| 650 | 1 | 4 |
_aMujeres en el arte _91575 |
| 650 | 1 | 4 |
_aMujeres artistas _96980 |
| 942 |
_2lcc _cB |
||
| 999 |
_c2066 _d2066 |
||